Statistics for WW2 Operations

Click here to take the quiz!

General Stats

  • This quiz has been taken 101 times
  • The average score is 4 of 16

Answer Stats

DateHintAnswer% Correct
22 Jun 1941 – 5 Dec 1941German Invasion Of Soviet UnionBarbarossa
90%
June 6 1944Landing in Normandy /D-DayOverlord
85%
8–16 November 1942Allied (Mainly American) Landing in Morocco and AlgeriaTorch
54%
1939 – 1946Operation That was developed to make the Atom BombsManhattan Project
40%
9 July – 17 August 1943Allied Invasion of SicilyHusky
36%
17–25 September 1944Allied invasion of the Rhine by Air and GroundMarket Garden
33%
26 May-4 June 1940British Retreat of Ground Forces from Dunkirk FranceDynamo
28%
19–23 November 1942Succesful Russian Encirclement which Led to the capture of the Sixth German ArmyUranus
19%
1 November 1945Proposed Allied Plan to Invade Mainland Japan (will also accept the main of Japanese Plan at the time of defense)Downfall
15%
20 May – 1 June 194German Invasion Of the island of CreteMercury
9%
15–17 June 1941Failed British Plan to Relieve Troops At TorbrukBattleaxe
5%
December 7, 1941Japanese Operation of the bombing of pearl HarborZ
5%
July 22, 1942Operation planned for German Capture of StalingradHeron
2%
April 1 – June 22, 1945Allied Invasion of OkinawaIceburg
1%
1945Removal Plan Of Sea Mines around AucklandPM
1%
15 September – 27 November 1944American Landing and invasion of PeleliuStalemate
1%

Score Distribution

Percentile by Number Answered

Percent of People with Each Score

Your Score History

You have not taken this quiz